Millions for green spaces (Record no. 72721)

MARC details
000 -LEADER
fixed length control field 01130cam a2200229 4500
001 - CONTROL NUMBER
control field WB3919-19
008 - FIXED-LENGTH DATA ELEMENTS--GENERAL INFORMATION
fixed length control field 030522n2003 000 0 eng u
035 ## - SYSTEM CONTROL NUMBER
System control number (Sirsi) u122363
245 ## - TITLE STATEMENT
Title Millions for green spaces
260 ## - PUBLICATION, DISTRIBUTION, ETC.
Date of publication, distribution, etc. 2003
490 ## - SERIES STATEMENT
Series statement Planning (for the Natural and Built Environment)
Volume/sequential designation (1519) 16 May 2003, 3(1)
490 ## - SERIES STATEMENT
Series statement CABE Press Release
Volume/sequential designation 12 May 2003 (3)
520 ## - SUMMARY, ETC.
Summary, etc. CABE, the Commission for Architecture and the Built Environment, have launched a new unit within the organisation, CABE Space. Funded by the ODPM, the new unit will champion the importance of parks and other public spaces in urban regeneration and help local authorities develop green space strategies, as well as undertaking research and promoting skills and training. CABE Space website http://www.cabespace.org.uk. http://www.cabe.org.uk/ZZQ+dG_6L5G=u-Kfg-hCnJw/news/press/press_release.html?press_release_id=229
590 ## - LOCAL NOTE (RLIN)
Local note WB
650 ## - SUBJECT ADDED ENTRY--TOPICAL TERM
Topical term or geographic name entry element URBAN REGENERATION
650 ## - SUBJECT ADDED ENTRY--TOPICAL TERM
Topical term or geographic name entry element GREEN SPACES
650 ## - SUBJECT ADDED ENTRY--TOPICAL TERM
Topical term or geographic name entry element URBAN PARKS
650 ## - SUBJECT ADDED ENTRY--TOPICAL TERM
Topical term or geographic name entry element REGENERATION SCHEMES
650 ## - SUBJECT ADDED ENTRY--TOPICAL TERM
Topical term or geographic name entry element LOCAL AUTHORITIES
690 ## - LOCAL SUBJECT ADDED ENTRY--TOPICAL TERM (OCLC, RLIN)
Topical term or geographic name as entry element REGENERATION
942 ## - ADDED ENTRY ELEMENTS (KOHA)
Suppress in OPAC 0
Holdings
Withdrawn status Lost status Source of classification or shelving scheme Damaged status Not for loan Home library Current library Shelving location Date acquired Total Checkouts Full call number Barcode Date last seen Copy number Price effective from Koha item type
    Dewey Decimal Classification     London London News article 22/05/2003   WB3919-19 122363-1001 06/08/2019 1 06/08/2019 News article